La inimputabilidad por trastorno mental Un estudio de su determinacin̤ a partir de la racionalidad comunicativa y la teora̕ de sistemas /

Detalles Bibliográficos
Autor principal: Martn̕ez Sǹchez, Wilson Alejandro
Formato: eBook
Lenguaje:español
Publicado: Bogot:̀ Editorial Universidad de Rosario (Colombia), 2019
Materias:
Acceso en línea:Acceso restringido

MARC

LEADER 00000nam a22000007a 4500
005 20200921220612.0
007 cr|||| ||||
008 200921s2019 co |||||s|||| 00||0 spa d
020 |a 978-958-784-357-6 
035 |a 32084 
040 |a vLex 
090 |c 10739  |d 10739 
100 1 |a Martn̕ez Sǹchez, Wilson Alejandro 
245 1 2 |a La inimputabilidad por trastorno mental  |h [Recurso electrn̤ico] :  |b Un estudio de su determinacin̤ a partir de la racionalidad comunicativa y la teora̕ de sistemas /  |c Wilson Alejandro Martn̕ez Sǹchez 
256 |a Servicio en ln̕ea 
260 |a Bogot:̀  |b Editorial Universidad de Rosario (Colombia),  |c 2019 
300 |a 1 recurso electrn̤ico 
500 |a Esta obra estudia el trastorno mental como circunstancia excluyente de responsabilidad penal, para explicar por qu ̌es tan difc̕il establecer la inimputabilidad por trastorno mental, a quiň corresponde esa decisin̤, cm̤o operan en ella el principio in dubio pro reo y la carga de la prueba. As,̕ a lo largo de cinco capt̕ulos reconstruye la evolucin̤ histr̤ica de los mťodos dominantes para su determinacin̤ en el proceso penal, se ocupa de explicar el mťodo mixto como doctrina ms̀ aceptada actualmente, describe los procedimientos y criterios a los que la comunidad psiquit̀rica reconoce valor cientf̕ico e introduce algunos elementos tomados de la teora̕ de la accin̤ comunicativa y de la teora̕ de los sistemas para abordar el estudio de la determinacin̤ de la inimputabilidad desde afuera del derecho y la psiquiatra̕. De este modo, a partir de esos elementos, reconstruye el proceso de formacin̤ de la decisin̤ sobre la inimputabilidad por trastorno mental y explica cm̤o se relacionan el sistema jurd̕ico y el sistema de salud, mediante una exposicin̤ acerca de las condiciones mn̕imas que debera̕ tener un buen procedimiento enfocado en ello. 
506 1 |a Disponible solo en los productos indicados  |d vLex Global  |d vLex Global (Academic Edition, excluding Law Schools)  |d vLex Global (U.S. Academic Edition, Law Schools)  |d vLex Global (U.S. Academic Edition, excluding Law Schools)  |d vLex Global (Academic Edition, Law Schools) 
650 0 4 |a Derecho Pb︢lico y Administrativo  |z Colombia 
740 0 |a vLex Libros (Servicio en ln̕ea) 
856 4 0 |u http://vlex.com/source/inimputabilidad-por-trastorno-mental-un-estudio-de-su-determinacion-a-partir-de-la-racionalidad-comunicativa-y-la-teoria-de-sistemas-32084  |z Acceso restringido 
942 |c BOOK 
999 0 |a Public and Administrative Law